000 00649nam a2200193Ia 4500
003 GCL
008 140319s9999 xx 000 0 ara d
040 _aGCL /
_cGCL
082 0 4 _a657.45
_bاا
100 1 _aامين السيد احمد لطفى
245 1 0 _aارشادات المراجعة: الكتاب الاول ارشادات معايير العمل الميدانى /
_cامين السيد احمد لطفى
260 _a[S.N] :
_bدار النهضة العربية ،
_c1993
300 _a284 ص
490 _a
650 0 4 _aمراجعة الحسابات
650 0 4 _aالادارة
650 0 4 _aالتخطيط
942 _2ddc
_cBK
999 _c44211
_d44211